00271 a2200109 4500001000700000020000600007040001100013100002500024240005400049245004900103362000900152169309 a  cMagnum aGoncalves, Ana Maria10aDinamica de grupos na formacao de liderancaslpor10aDinamica de grupos na formacao de liderancas0 a1899